<?xml version="1.0" encoding="UTF-8"?>
<record
    xmlns:xsi="http://www.w3.org/2001/XMLSchema-instance"
    xsi:schemaLocation="http://www.loc.gov/MARC21/slim http://www.loc.gov/standards/marcxml/schema/MARC21slim.xsd"
    xmlns="http://www.loc.gov/MARC21/slim">

  <leader>01866nam a22002417a 4500</leader>
  <controlfield tag="005">20260311112100.0</controlfield>
  <controlfield tag="008">251017b        |||||||| |||| 00| 0 eng d</controlfield>
  <datafield tag="020" ind1=" " ind2=" ">
    <subfield code="a">9780143476184</subfield>
  </datafield>
  <datafield tag="040" ind1=" " ind2=" ">
    <subfield code="c">AL</subfield>
  </datafield>
  <datafield tag="041" ind1=" " ind2=" ">
    <subfield code="a">English</subfield>
  </datafield>
  <datafield tag="082" ind1=" " ind2=" ">
    <subfield code="a">342.54</subfield>
    <subfield code="b">CHAW</subfield>
  </datafield>
  <datafield tag="100" ind1=" " ind2=" ">
    <subfield code="a">D Y Chandrachud</subfield>
    <subfield code="9">258510</subfield>
  </datafield>
  <datafield tag="245" ind1=" " ind2=" ">
    <subfield code="a">Why the constitution matters</subfield>
    <subfield code="b">: selected speeches</subfield>
  </datafield>
  <datafield tag="260" ind1=" " ind2=" ">
    <subfield code="c">2025</subfield>
    <subfield code="a">ND</subfield>
    <subfield code="b">Vintage Books</subfield>
  </datafield>
  <datafield tag="300" ind1=" " ind2=" ">
    <subfield code="a">xvii,570p.</subfield>
    <subfield code="b">HB</subfield>
    <subfield code="c">24x16cm</subfield>
  </datafield>
  <datafield tag="365" ind1=" " ind2=" ">
    <subfield code="a">XIA4-84248</subfield>
    <subfield code="b">&#x20B9;767.04</subfield>
    <subfield code="c">&#x20B9;</subfield>
    <subfield code="d">&#x20B9;999.00</subfield>
    <subfield code="f">03-10-2025</subfield>
  </datafield>
  <datafield tag="520" ind1=" " ind2=" ">
    <subfield code="a">In Why the Constitution Matters Justice D.Y. Chandrachud delves into the profound significance of the Constitution in shaping the nation&#x2019;s identity and governance. This insightful book offers readers a nuanced understanding of the Constitution&#x2019;s role in protecting fundamental rights, ensuring justice and maintaining the rule of law. The author brings to the forefront his experience of nearly twenty-five years as a judge, making complex constitutional principles accessible to both legal professionals and common citizens. Through engaging narratives and real-life examples, he illustrates how the Constitution impacts everyday life and why it remains a cornerstone of democracy. The book covers themes such as democracy, free speech, pluralism, gender, environmental governance, dissent and landmark judgments that have shaped modern India.
Why the Constitution Matters is not just a book for legal scholars; it is a must-read for anyone who values democracy, justice and the rule of law. Discover why the Constitution is more than just a document; it is the foundation of a just and equitable society.</subfield>
  </datafield>
  <datafield tag="650" ind1=" " ind2=" ">
    <subfield code="a">Constitutional Law and Fundamentals</subfield>
    <subfield code="9">242411</subfield>
  </datafield>
  <datafield tag="650" ind1=" " ind2=" ">
    <subfield code="a">Democracy and Governance</subfield>
    <subfield code="9">242412</subfield>
  </datafield>
  <datafield tag="650" ind1=" " ind2=" ">
    <subfield code="a">Citizen Rights and  Civil Liberties</subfield>
    <subfield code="9">242413</subfield>
  </datafield>
  <datafield tag="650" ind1=" " ind2=" ">
    <subfield code="a">Social Justice and Equality</subfield>
    <subfield code="9">242414</subfield>
  </datafield>
  <datafield tag="942" ind1=" " ind2=" ">
    <subfield code="2">ddc</subfield>
    <subfield code="c">BK</subfield>
  </datafield>
  <datafield tag="999" ind1=" " ind2=" ">
    <subfield code="c">240568</subfield>
    <subfield code="d">240568</subfield>
  </datafield>
  <datafield tag="952" ind1=" " ind2=" ">
    <subfield code="0">0</subfield>
    <subfield code="1">0</subfield>
    <subfield code="2">ddc</subfield>
    <subfield code="4">0</subfield>
    <subfield code="7">0</subfield>
    <subfield code="8">PS</subfield>
    <subfield code="a">AL</subfield>
    <subfield code="b">AL</subfield>
    <subfield code="c">SK</subfield>
    <subfield code="d">2025-10-13</subfield>
    <subfield code="e">amazon.in</subfield>
    <subfield code="g">767.04</subfield>
    <subfield code="l">0</subfield>
    <subfield code="o">342.54 CHAW</subfield>
    <subfield code="p">077916</subfield>
    <subfield code="r">2025-10-17 09:36:51</subfield>
    <subfield code="v">999.00</subfield>
    <subfield code="w">2025-10-03</subfield>
    <subfield code="y">BK</subfield>
  </datafield>
</record>
